UBT Library

The Municipal bond handbook / (Record no. 43759)

000 -LEADER
fixed length control field 00670cam a2200241 a 4500
001 - CONTROL NUMBER
control field 463469
005 - DATE AND TIME OF LATEST TRANSACTION
control field 20180301034514.0
008 - FIXED-LENGTH DATA ELEMENTS--GENERAL INFORMATION
fixed length control field 831216s1983 ilua b 001 0 eng
010 ## - LIBRARY OF CONGRESS CONTROL NUMBER
LC control number 83070058
020 ## - INTERNATIONAL STANDARD BOOK NUMBER
International Standard Book Number 0870943073 (v. 1)
020 ## - INTERNATIONAL STANDARD BOOK NUMBER
International Standard Book Number 0870944215 (v. 2)
040 ## - CATALOGING SOURCE
Original cataloging agency DLC
Transcribing agency DLC
Modifying agency DLC
041 ## - LANGUAGE CODE
Language code of text/sound track or separate title eng
043 ## - GEOGRAPHIC AREA CODE
Geographic area code n-us---
080 ## - UNIVERSAL DECIMAL CLASSIFICATION NUMBER
Universal Decimal Classification number 332.63233 FRA
082 00 - DEWEY DECIMAL CLASSIFICATION NUMBER
Classification number 332.63233 FRA
Edition number 19
100 ## - Rafti
Rafti 52
101 ## - Shkurtesa
Shkurtesa ECO
245 04 - TITLE STATEMENT
Title The Municipal bond handbook /
Statement of responsibility, etc edited by Frank J. Fabozzi ... [et al.].
504 ## - BIBLIOGRAPHY, ETC. NOTE
Bibliography, etc Includes bibliographical references and indexes.
906 ## - LOCAL DATA ELEMENT F, LDF (RLIN)
a 7
b cbc
c orignew
d 2
e opcn
f 19
g y-gencatlg
942 ## - ADDED ENTRY ELEMENTS (KOHA)
Source of classification or shelving scheme
Item type Books
Holdings
Withdrawn status Lost status Source of classification or shelving scheme Damaged status Not for loan Collection code Permanent location Current location Shelving location Date acquired Total Checkouts Full call number Barcode Date last seen Price effective from Koha item type
          Koleksioni i përgjithshem UBT - Lipjan UBT - Lipjan Koleksioni i përgjithshem 03/01/2018   332.63233 FRA 002-3000370 03/01/2018 03/01/2018 Books
UBT Library © 2015-2024. All rights reserved University Education for Business and Technology